| 000 | 00607nam a2200181Ia 4500 | ||
|---|---|---|---|
| 008 | 151202s9999||||xx |||||||||||||| ||und|| | ||
| 082 | _bPNVM-3107 | ||
| 100 | _aजोशी महादेव नारायण. | ||
| 245 | _aमोरांचा नाच. | ||
| 260 | _b"य.गो.जोशी, पुणे." | ||
| 260 | _c1929 | ||
| 300 | _a86 | ||
| 600 | _aजोशी महादेव नारायण. | ||
| 630 | _aमोरांचा नाच. | ||
| 700 | _aजोशी महादेव नारायण. | ||
| 730 | _aमोरांचा नाच. | ||
| 942 | _cBOOK | ||
| 999 |
_c1269105 _d1269102 |
||